| 000 | 00852nam a22002057a 4500 | ||
|---|---|---|---|
| 999 |
_c7906 _d7906 |
||
| 003 | AR-CdUCM | ||
| 008 | 190321b ||||| |||| 00| 0 spa d | ||
| 040 |
_aMUNICIPALIDAD PROVINCIAL DEL CUSCO _cBIBLIOTECA MUNICIPAL DEL CUSCO |
||
| 082 |
_a869.56 / _bSO71 |
||
| 100 |
_aSoto Marchán, Elio Yvan _922355 |
||
| 245 | _aTeatro para la vida II : fortaleciendo capacidades y actitudes / | ||
| 260 |
_aCusco : _bTalleres Gráficos de Ideagraf, _c2015. |
||
| 300 |
_a142 páginas ; _bilustraciones ; _c21 cm. |
||
| 500 | _a"Afrontando los problemas sociales desde el aula" Propuesta desarrollada con los estudiantes de la Institución Educativa "Carlos Fermín Fitzcarrald" de Puerto Maldonado, Madre de Dios. | ||
| 650 |
_aTeatro peruano _92697 |
||
| 650 |
_aSiglo XX _98 |
||
| 650 |
_aTeatro escolar peruano _922356 |
||
| 942 |
_2ddc _cLIBROS |
||
| 945 | _azta | ||